00529nam a2200157Ia 4500008004100000082001700041100002200058245004900080250000800129260004700137300001000184650001800194942001200212952013200224999001500356150301s2003 xx 000 0 und d a617.63bM03R aROBINSON, RICHARD aMEDICAL EMERGENCIES DIAGNOSIS AND MANEGEMENT a6TH bCBS PUBLISHERS & DISTRIBUTORSaDELHIc2003 a1-417 aORAL MEDICINE 2ddccBK 00102ddc4070aFDbFDd2015-07-02eABC-DELHIg140.00iSGTUl0o617.63 M03RpFD7271r2015-07-02 00:00:00w2015-06-05yBKk5698 c6960d6960